Feminist social thought : (Record no. 102)
[ view plain ]
| 000 -LEADER | |
|---|---|
| fixed length control field | 00687cam a2200229 a 4500 |
| 001 - CONTROL NUMBER | |
| control field | 2108383 |
| 005 - DATE AND TIME OF LATEST TRANSACTION | |
| control field | 20231130004931.0 |
| 008 - FIXED-LENGTH DATA ELEMENTS--GENERAL INFORMATION | |
| fixed length control field | 960823s1997 nyu b 000 0 eng |
| 020 ## - INTERNATIONAL STANDARD BOOK NUMBER | |
| ISBN | 0415915368 (hb : alk. paper) |
| 020 ## - INTERNATIONAL STANDARD BOOK NUMBER | |
| ISBN | 0415915376 (pbk. : alk. paper) |
| 040 ## - CATALOGING SOURCE (பட்டியலாக்க மூலம்) | |
| Original cataloging agency | DLC |
| Transcribing agency | DLC |
| Modifying agency | DLC |
| 082 00 - DDC Classification | |
| Class No. | 305.42. |
| DDC Edition Number | 20 |
| 245 00 - TITLE STATEMENT | |
| Title | Feminist social thought : |
| Remainder of title | a reader / |
| Statement of responsibility, etc. | edited by Diana Tietjens Meyers. |
| 260 ## - PUBLICATION, DISTRIBUTION, ETC. | |
| Place of publication, distribution, etc. | New York : |
| Name of publisher, distributor, etc. | Routledge, |
| Date of publication, distribution, etc. | 1997. |
| 300 ## - PHYSICAL DESCRIPTION | |
| Extent (e.g. Volumes, Pages etc.) | x, 772 p. ; |
| 650 #0 - SUBJECT ADDED ENTRY--TOPICAL TERM | |
| Topical term or geographic name entry element | Feminist theory. |
| 650 #0 - SUBJECT ADDED ENTRY--TOPICAL TERM | |
| Topical term or geographic name entry element | Feminist ethics. |
| 650 #0 - SUBJECT ADDED ENTRY--TOPICAL TERM | |
| Topical term or geographic name entry element | Women |
| 700 1# - ADDED ENTRY--PERSONAL NAME | |
| Personal name | Meyers, Diana T. |
| Relator term (Role) | Editor |
| 856 42 - ELECTRONIC LOCATION AND ACCESS | |
| Uniform Resource Identifier | <a href="http://www.loc.gov/catdir/enhancements/fy0651/96041609-d.html">http://www.loc.gov/catdir/enhancements/fy0651/96041609-d.html</a> |
| 942 ## - Koha item type (Biblio) | |
| Koha item type | Books in Stacks (Lending) |
| Lost status | Damaged status | Collection code | Home library | Current library | Date acquired | Full call number | Accession Number | Item type |
|---|---|---|---|---|---|---|---|---|
| Lending | WERC Library | WERC Library | 11/30/2023 | 305.42. | 5451 | Books in Stacks (Lending) |
